000 00659nam a2200205Ia 4500
003 GCL
005 20240530103557.0
008 140319s9999 xx 000 0 ara d
040 _aGCL /
_cGCL
082 0 4 _a327.5604
_bن ا
100 1 _aنادية محمود محمد مصطفى
245 1 0 _aاوروبا والوطن العربى /
_cنادية محمود محمد مصطفى
300 _a367 ص
490 _aسلسلة الثقافة القومية
_v8
650 0 4 _aالعالم العربى
650 0 4 _aالعلاقات الخارجية
650 0 4 _aالسوق الاوربية المشتركة
650 0 4 _aاوربا
942 _2ddc
_cBK
999 _c40824
_d40824